000 00698nam a2200265Ia 4500
003 OSt
005 20221005070017.0
006 a|||||r|||| 00| 0
007 ta
008 221004b |||||||| |||| 00| 0 eng d
020 _a8185026432
024 _a25192
037 _cTextual
040 _aCRL
_cCRL
_beng
041 _2eng
_aeng
082 _aN44,J(I0aK), N9
100 _aVerma Som Prakash Ed.
245 0 _aFlora and fauna in Mughal art
260 _aMumbai
_bMarg Publications
_c1999
300 _a164p.
_ccm.
650 _a ARTS
650 _aMUGHAL ARCHITECTURE
942 _hN44,J(I0aK), N9
_cTEXL
_2cc
999 _c975539
_d975539